[Event "Polanica Zdroj op-B 46th"]
[Site "Polanica Zdroj"]
[Date "2010.08.18"]
[Round "1"]
[White "Jasnikowska, Daria"]
[Black "Wolski, Jerzy"]
[Result "1/2-1/2"]
[WhiteElo "1650"]
[BlackElo "1906"]
[PlyCount "114"]
[EventDate "2010.08.18"]
[EventType "swiss"]
[EventRounds "9"]
[EventCountry "POL"]
[SourceTitle "CBM 138 Extra"]
[Source "ChessBase"]
[SourceDate "2010.10.29"]
[SourceVersion "1"]
[SourceVersionDate "2010.10.29"]
[SourceQuality "1"]

1. e4 e5 2. Nf3 f5 3. exf5 e4 4. Ng1 Nf6 5. d3 d5 6. dxe4 dxe4 7. Qxd8+ Kxd8 8. Bg5 Bxf5 9. Nc3 Bb4 10. 0-0-0+ Nbd7 11. Nd5 Be7 12. Nxe7 Kxe7 13. Be2 Ne5 14. f3 Rad8 15. fxe4 Rxd1+ 16. Bxd1 Bxe4 17. Nf3 Nxf3 18. gxf3 Bd5 19. b3 Kf7 20. c4 Be6 21. Re1 Rd8 22. Bc2 h6 23. Bf4 c6 24. Be5 Nd7 25. Bxg7 h5 26. Bd4 c5 27. Bc3 Rg8 28. Re2 Rg1+ 29. Kd2 h4 30. f4 Bg4 31. Rf2 h3 32. Be4 b6 33. Ke3 Nf6 34. Bxf6 Kxf6 35. Bf3 Bf5 36. Rd2 Ra1 37. Rb2 Rc1 38. Kf2 Rc2+ 39. Rxc2 Bxc2 40. Kg3 Bb1 41. Kxh3 Bxa2 42. Bd1 a5 43. Kg4 a4 44. bxa4 Bxc4 45. Bc2 Be2+ 46. Kg3 Bc4 47. Kf3 b5 48. axb5 Bxb5 49. h4 Be8 50. Kg4 c4 51. h5 Bd7+ 52. Kf3 Kg7 53. Ke3 Kh6 54. Bd1 Be8 55. Kd4 Bxh5 56. Bxh5 Kxh5 57. Kxc4 Kg4 1/2-1/2

[Event "POL-ch disabled"]
[Site "Rowy"]
[Date "2009.09.03"]
[Round "4.9"]
[White "Anglart, Edward"]
[Black "Wolski, Jerzy"]
[Result "1-0"]
[WhiteElo "1928"]
[BlackElo "1981"]
[PlyCount "78"]
[EventDate "2009.09.01"]
[EventType "swiss"]
[EventRounds "9"]
[EventCountry "POL"]
[SourceTitle "EXT 2023"]
[Source "ChessBase"]
[SourceDate "2022.10.05"]
[SourceVersion "1"]
[SourceVersionDate "2022.10.05"]
[SourceQuality "1"]

1. e4 e6 2. d4 d5 3. exd5 exd5 4. Nf3 Bg4 5. Bd3 Nf6 6. 0-0 Be7 7. c3 0-0 8. Bg5 Qd7 9. Nbd2 Nc6 10. Qc2 h6 11. Bh4 Nh5 12. Bxe7 Nxe7 13. Ne5 Qc8 14. Rfe1 Be6 15. g3 Nf6 16. Re2 Bf5 17. Rae1 Bxd3 18. Qxd3 Nf5 19. f3 Nd6 20. g4 Re8 21. Qe3 Nh7 22. Qf4 Ng5 23. Qg3 Ne6 24. f4 Qd8 25. h4 Nf8 26. g5 h5 27. Qf3 g6 28. Qxd5 Ne6 29. Nxg6 c6 30. Qb3 Qc8 31. d5 Kg7 32. dxe6 Kxg6 33. Qc2+ Kg7 34. f5 fxe6 35. Rxe6 Qc7 36. f6+ Kh8 37. Qg6 Rxe6 38. Rxe6 Rd8 39. Re7 Qb6+ 1-0

[Event "Polanica Zdroj op-B 45th"]
[Site "Polanica Zdroj"]
[Date "2009.08.27"]
[Round "10"]
[White "Wolski, Jerzy"]
[Black "Pac, Maciej"]
[Result "1-0"]
[WhiteElo "1993"]
[BlackElo "1830"]
[PlyCount "59"]
[EventDate "2009.08.18"]
[EventType "swiss"]
[EventRounds "10"]
[EventCountry "POL"]
[SourceTitle "CBM 131 Extra"]
[Source "ChessBase"]
[SourceDate "2009.09.03"]
[SourceVersion "2"]
[SourceVersionDate "2009.09.16"]
[SourceQuality "1"]

1. e4 e6 2. d4 b6 3. c4 Bb7 4. Nc3 Bb4 5. f3 f5 6. exf5 exf5 7. Bf4 Na6 8. Qe2+ Qe7 9. 0-0-0 0-0-0 10. Qxe7 Nxe7 11. Kc2 Ng6 12. Bg3 Rde8 13. Nh3 h6 14. Nf4 Nxf4 15. Bxf4 g5 16. Be5 Rhg8 17. Bd3 g4 18. Rhf1 Ref8 19. a3 Bxc3 20. Kxc3 gxf3 21. gxf3 Nb8 22. d5 d6 23. Bf4 Rg6 24. Rg1 Rgf6 25. Rg7 Nd7 26. Re1 Kd8 27. Ree7 Bc8 28. Rh7 Re8 29. Reg7 Nf8 30. Rxh6 1-0

[Event "Polanica Zdroj op-B 45th"]
[Site "Polanica Zdroj"]
[Date "2009.08.26"]
[Round "9"]
[White "Zajaczkowski, Gwidon"]
[Black "Wolski, Jerzy"]
[Result "1/2-1/2"]
[WhiteElo "1739"]
[BlackElo "1993"]
[PlyCount "31"]
[EventDate "2009.08.18"]
[EventType "swiss"]
[EventRounds "10"]
[EventCountry "POL"]
[SourceTitle "CBM 131 Extra"]
[Source "ChessBase"]
[SourceDate "2009.09.03"]
[SourceVersion "2"]
[SourceVersionDate "2009.09.16"]
[SourceQuality "1"]

1. e4 e5 2. Nf3 Nc6 3. Bc4 Be7 4. d3 Nf6 5. 0-0 0-0 6. c3 d6 7. Be3 Na5 8. Bb5 a6 9. Ba4 b5 10. Bc2 c5 11. Nbd2 Bg4 12. h3 Bh5 13. Qe2 Nc6 14. c4 b4 15. Bd1 Qc7 16. g4 1/2-1/2

[Event "Polanica Zdroj op-B 45th"]
[Site "Polanica Zdroj"]
[Date "2009.08.19"]
[Round "2"]
[White "Siedlanowski, Lukasz"]
[Black "Wolski, Jerzy"]
[Result "0-1"]
[WhiteElo "1688"]
[BlackElo "1993"]
[PlyCount "74"]
[EventDate "2009.08.18"]
[EventType "swiss"]
[EventRounds "10"]
[EventCountry "POL"]
[SourceTitle "CBM 131 Extra"]
[Source "ChessBase"]
[SourceDate "2009.09.03"]
[SourceVersion "2"]
[SourceVersionDate "2009.09.16"]
[SourceQuality "1"]

1. e4 e6 2. d4 d5 3. Nd2 dxe4 4. Nxe4 Nf6 5. Nxf6+ Qxf6 6. Nf3 h6 7. Bd3 Bd6 8. Bd2 Bd7 9. c4 Bc6 10. Bc3 Bxf3 11. Qxf3 Qxf3 12. gxf3 Bf4 13. Ke2 Nd7 14. b4 Nf6 15. a4 0-0-0 16. h3 Rhe8 17. Be4 Nh5 18. Rad1 Bg5 19. Kf1 Rd7 20. d5 f5 21. Bc2 g6 22. Re1 Rde7 23. h4 Bf6 24. Bxf6 Nxf6 25. dxe6 Nh5 26. c5 Rxe6 27. Rxe6 Rxe6 28. Bb3 Re7 29. Kg2 Nf4+ 30. Kg3 Nd3 31. a5 g5 32. Bc2 f4+ 33. Kg2 Ne1+ 34. Rxe1 Rxe1 35. Be4 c6 36. Kh3 Rh1+ 37. Kg2 Rxh4 0-1

[Event "Katy Rybackie op"]
[Site "Katy Rybackie"]
[Date "2009.06.20"]
[Round "8"]
[White "Wolski, Jerzy"]
[Black "Jurkiewicz, Krzysztof"]
[Result "0-1"]
[WhiteElo "1986"]
[BlackElo "2137"]
[PlyCount "64"]
[EventDate "2009.06.14"]
[EventType "swiss"]
[EventRounds "9"]
[EventCountry "POL"]
[SourceTitle "CBM 131 Extra"]
[Source "ChessBase"]
[SourceDate "2009.09.03"]
[SourceVersion "2"]
[SourceVersionDate "2009.09.16"]
[SourceQuality "1"]

1. e4 c5 2. Nf3 d6 3. d4 cxd4 4. Nxd4 Nf6 5. Nc3 g6 6. Bc4 Bg7 7. f3 0-0 8. Be3 Nc6 9. Qd2 Nd7 10. Bb3 Nb6 11. Nxc6 bxc6 12. Bd4 Bxd4 13. Qxd4 Be6 14. Bxe6 fxe6 15. 0-0 e5 16. Qd3 Qc8 17. Rad1 Qe6 18. b3 a5 19. a4 Nd7 20. Qd2 Nc5 21. Rf2 Qd7 22. Qg5 Kg7 23. Qg3 Qa7 24. Qg4 Rf4 25. Qh3 Raf8 26. Rdf1 R4f6 27. Kh1 Ne6 28. Ne2 h6 29. Qg3 Qe3 30. f4 Qxe4 31. fxe5 Rxf2 32. Rxf2 Qxe2 0-1

[Event "Katy Rybackie op"]
[Site "Katy Rybackie"]
[Date "2009.06.16"]
[Round "4"]
[White "Wolski, Jerzy"]
[Black "Kwiek, Janusz"]
[Result "1-0"]
[WhiteElo "1986"]
[BlackElo "1792"]
[PlyCount "65"]
[EventDate "2009.06.14"]
[EventType "swiss"]
[EventRounds "9"]
[EventCountry "POL"]
[SourceTitle "CBM 131 Extra"]
[Source "ChessBase"]
[SourceDate "2009.09.03"]
[SourceVersion "2"]
[SourceVersionDate "2009.09.16"]
[SourceQuality "1"]

1. e4 c5 2. Nf3 Nc6 3. d4 cxd4 4. Nxd4 g6 5. Bc4 Bg7 6. Be3 Qa5+ 7. Nc3 Nf6 8. f3 0-0 9. Qd2 Qb4 10. Bb3 Nxd4 11. Qxd4 Qxd4 12. Bxd4 d6 13. 0-0-0 Bd7 14. Rhe1 Bc6 15. Nd5 Bxd5 16. exd5 Rfe8 17. Ba4 Reb8 18. Rxe7 Nxd5 19. Rd7 Bxd4 20. Rxd4 Ne3 21. Re4 Nf5 22. g4 Nh6 23. Bb3 Rd8 24. Rxb7 Rdb8 25. Rxb8+ Rxb8 26. Re7 a5 27. g5 Nf5 28. Rxf7 Rxb3 29. Rxf5 Rxb2 30. Kxb2 gxf5 31. h4 h6 32. f4 Kg7 33. Kc3 1-0

[Event "Katy Rybackie op"]
[Site "Katy Rybackie"]
[Date "2009.06.14"]
[Round "1"]
[White "Zatylny, Jan"]
[Black "Wolski, Jerzy"]
[Result "0-1"]
[WhiteElo "1710"]
[BlackElo "1986"]
[PlyCount "55"]
[EventDate "2009.06.14"]
[EventType "swiss"]
[EventRounds "9"]
[EventCountry "POL"]
[SourceTitle "CBM 131 Extra"]
[Source "ChessBase"]
[SourceDate "2009.09.03"]
[SourceVersion "2"]
[SourceVersionDate "2009.09.16"]
[SourceQuality "1"]

1. d4 f5 2. c4 Nf6 3. Nc3 e6 4. Nf3 d5 5. e3 c6 6. Bd2 Bd6 7. Ne5 Nbd7 8. f4 0-0 9. Be2 Ne4 10. 0-0 Ndf6 11. Be1 Bd7 12. Bh4 Qa5 13. Be1 Qc7 14. Nxe4 Nxe4 15. cxd5 exd5 16. Rc1 Be8 17. a3 a5 18. Bh5 Bxh5 19. Qxh5 Rf6 20. Qe2 Bxe5 21. fxe5 Raf8 22. Qh5 g6 23. Qf3 R8f7 24. h4 a4 25. Bb4 Qd8 26. Qf4 Qd7 27. Qh2 Qe6 28. Qf4 0-1

[Event "Wisla op"]
[Site "Wisla"]
[Date "2009.05.12"]
[Round "11"]
[White "Wolski, Jerzy"]
[Black "Przybyl, Jozef"]
[Result "1/2-1/2"]
[WhiteElo "1993"]
[BlackElo "1940"]
[PlyCount "55"]
[EventDate "2009.05.04"]
[EventType "swiss"]
[EventRounds "11"]
[EventCountry "POL"]
[SourceTitle "EXT 2012"]
[Source "ChessBase"]
[SourceDate "2011.11.24"]
[SourceVersion "1"]
[SourceVersionDate "2011.11.24"]
[SourceQuality "1"]

1. e4 c5 2. Nf3 e6 3. d4 cxd4 4. Nxd4 a6 5. Be3 Nf6 6. Nc3 Qc7 7. a3 b5 8. Bd3 Bb7 9. 0-0 Nc6 10. f4 Bc5 11. e5 Ng8 12. Nce2 Nge7 13. Bf2 Nxd4 14. Nxd4 Nc6 15. Nf3 Be7 16. Qe2 0-0 17. Rad1 Rad8 18. Kh1 g6 19. Bh4 d5 20. Qf2 Kg7 21. Qg3 Bxh4 22. Nxh4 Kh8 23. Qg5 Qe7 24. Qh6 Rg8 25. Rf3 Qf8 26. Qg5 Qe7 27. Qh6 Qf8 28. Qg5 1/2-1/2

[Event "Wisla op"]
[Site "Wisla"]
[Date "2009.05.09"]
[Round "8"]
[White "Koper, Ireneusz"]
[Black "Wolski, Jerzy"]
[Result "0-1"]
[WhiteElo "2030"]
[BlackElo "1993"]
[PlyCount "107"]
[EventDate "2009.05.04"]
[EventType "swiss"]
[EventRounds "11"]
[EventCountry "POL"]
[SourceTitle "EXT 2012"]
[Source "ChessBase"]
[SourceDate "2011.11.24"]
[SourceVersion "1"]
[SourceVersionDate "2011.11.24"]
[SourceQuality "1"]

1. e4 e6 2. d4 d5 3. Nd2 Nf6 4. e5 Nfd7 5. f4 c5 6. Ndf3 cxd4 7. Nxd4 Bc5 8. Ngf3 Nc6 9. c3 Nxd4 10. cxd4 Bb4+ 11. Bd2 Qa5 12. a3 Bxd2+ 13. Qxd2 Qxd2+ 14. Kxd2 Nb6 15. Rc1 Bd7 16. Bd3 h6 17. b3 Rf8 18. a4 Bc6 19. Rc3 Ke7 20. Rhc1 a6 21. Nh4 g5 22. fxg5 hxg5 23. Nf3 Rg8 24. Rf1 Rac8 25. Be2 Bd7 26. Rxc8 Nxc8 27. Ne1 b5 28. axb5 Bxb5 29. Nd3 Rh8 30. h3 Na7 31. Nc5 Rh4 32. Ke3 Bxe2 33. Kxe2 Rxd4 34. Ra1 Nc6 35. Rxa6 Nxe5 36. Ra4 Nc6 37. Rxd4 Nxd4+ 38. Kd3 e5 39. b4 f5 40. Na4 Nb5 41. g3 e4+ 42. Kd2 d4 43. Nc5 Kd6 44. g4 Ke5 45. gxf5 Kxf5 46. Ke2 Nd6 47. Kf2 Ke5 48. Ke2 Kd5 49. Kd2 Nf5 50. Ke2 d3+ 51. Kd2 Kd4 52. Nb7 e3+ 53. Kd1 e2+ 54. Kd2 0-1

[Event "Wisla op"]
[Site "Wisla"]
[Date "2009.05.08"]
[Round "6"]
[White "Wolski, Jerzy"]
[Black "Bulakowski, Andrzej"]
[Result "1-0"]
[WhiteElo "1993"]
[BlackElo "1724"]
[PlyCount "45"]
[EventDate "2009.05.04"]
[EventType "swiss"]
[EventRounds "11"]
[EventCountry "POL"]
[SourceTitle "EXT 2012"]
[Source "ChessBase"]
[SourceDate "2011.11.24"]
[SourceVersion "1"]
[SourceVersionDate "2011.11.24"]
[SourceQuality "1"]

1. e4 e6 2. d4 d5 3. e5 c5 4. c3 Nc6 5. Nf3 cxd4 6. cxd4 Bb4+ 7. Nc3 Bxc3+ 8. bxc3 Nge7 9. Bd3 h6 10. a4 Bd7 11. 0-0 0-0 12. Ba3 Re8 13. Qd2 Rc8 14. g4 Ng6 15. Bxg6 fxg6 16. Qd3 g5 17. Nd2 Na5 18. Bb4 Nc6 19. Bd6 Na5 20. f4 gxf4 21. Rxf4 Nc4 22. Nxc4 Rxc4 23. Raf1 1-0

[Event "Wisla op"]
[Site "Wisla"]
[Date "2009.05.08"]
[Round "7"]
[White "Wolski, Jerzy"]
[Black "Krawczyk, Wieslaw"]
[Result "1/2-1/2"]
[WhiteElo "1993"]
[BlackElo "2124"]
[PlyCount "88"]
[EventDate "2009.05.04"]
[EventType "swiss"]
[EventRounds "11"]
[EventCountry "POL"]
[SourceTitle "EXT 2012"]
[Source "ChessBase"]
[SourceDate "2011.11.24"]
[SourceVersion "1"]
[SourceVersionDate "2011.11.24"]
[SourceQuality "1"]

1. e4 e5 2. Nc3 f5 3. exf5 Nf6 4. d4 exd4 5. Qxd4 Nc6 6. Qd1 d5 7. Bg5 Bb4 8. a3 Bxc3+ 9. bxc3 Bxf5 10. Bd3 Be6 11. Nf3 0-0 12. 0-0 Bg4 13. Be2 Ne7 14. Nd4 Bd7 15. Bd3 c5 16. Nf3 Ne4 17. Bxe4 dxe4 18. Ne5 Rf5 19. Qxd7 Qxd7 20. Nxd7 Rxg5 21. Rad1 Nd5 22. h4 Rf5 23. g4 Rf4 24. Rxd5 Rxg4+ 25. Kh2 b6 26. Kh3 Rf4 27. f3 Re8 28. Kg3 Rf7 29. f4 Re6 30. Ne5 Rf8 31. Re1 h6 32. Rxe4 Rf5 33. Re1 g5 34. hxg5 hxg5 35. Rd8+ Kg7 36. Nd3 Rxe1 37. Nxe1 Rxf4 38. Rd7+ Kf6 39. Rxa7 Rc4 40. Ra6 Kf5 41. a4 Rxc3+ 42. Kf2 Ra3 43. Rxb6 Rxa4 44. Rb5 Rc4 1/2-1/2

[Event "Wisla op"]
[Site "Wisla"]
[Date "2009.05.06"]
[Round "4"]
[White "Wolski, Jerzy"]
[Black "Slaby, Stanislaw"]
[Result "1-0"]
[WhiteElo "1993"]
[BlackElo "1785"]
[PlyCount "65"]
[EventDate "2009.05.04"]
[EventType "swiss"]
[EventRounds "11"]
[EventCountry "POL"]
[SourceTitle "EXT 2012"]
[Source "ChessBase"]
[SourceDate "2011.11.24"]
[SourceVersion "1"]
[SourceVersionDate "2011.11.24"]
[SourceQuality "1"]

1. e4 c5 2. Nf3 Nc6 3. d4 cxd4 4. Nxd4 d6 5. Bc4 e6 6. Bb3 Nf6 7. Nc3 a6 8. Be3 Be7 9. 0-0 0-0 10. f4 Qc7 11. f5 Nxd4 12. Bxd4 b5 13. g4 h6 14. Qf3 e5 15. Be3 Bb7 16. a3 Qc6 17. Rf2 Bd8 18. Rd1 Bb6 19. Nd5 Nxd5 20. Bxd5 Qc7 21. Bxb7 Bxe3 22. Qxe3 Qxb7 23. Rxd6 Rfd8 24. Rfd2 Rxd6 25. Rxd6 Qc7 26. Qd3 Ra7 27. Kg2 Qc5 28. c3 Qc7 29. h4 f6 30. Qd5+ Kh7 31. Kf3 Ra8 32. Rd7 Qb8 33. Qf7 1-0

[Event "Rowy op-A 17th"]
[Site "Rowy"]
[Date "2008.06.17"]
[Round "5.20"]
[White "Wolski, Jerzy"]
[Black "Sklepinski, Artur"]
[Result "1-0"]
[WhiteElo "1961"]
[BlackElo "1877"]
[PlyCount "57"]
[EventDate "2008.06.14"]
[EventType "swiss"]
[EventRounds "9"]
[EventCountry "POL"]
[SourceTitle "EXT 2023"]
[Source "ChessBase"]
[SourceDate "2022.10.05"]
[SourceVersion "1"]
[SourceVersionDate "2022.10.05"]
[SourceQuality "1"]

1. d4 Nf6 2. c4 g6 3. Nc3 Bg7 4. e4 d6 5. f4 0-0 6. Nf3 c5 7. d5 b5 8. cxb5 a6 9. bxa6 Qa5 10. Bd2 Bxa6 11. Bxa6 Qxa6 12. Qe2 Nfd7 13. Qxa6 Nxa6 14. a3 Nb6 15. Ke2 Nc7 16. Rac1 f5 17. e5 Nbxd5 18. Nxd5 Nxd5 19. b3 Rxa3 20. Kf2 Rb8 21. Rhd1 Nc7 22. exd6 exd6 23. Bc3 d5 24. Bxg7 Kxg7 25. Re1 Kf6 26. Ne5 Rb5 27. Nd7+ Kf7 28. Ne5+ Kg7 29. Nd3 1-0

[Event "Rowy op-A 17th"]
[Site "Rowy"]
[Date "2008.06.15"]
[Round "2.1"]
[White "Wolski, Jerzy"]
[Black "Gralka, Julian"]
[Result "0-1"]
[WhiteElo "1961"]
[BlackElo "2268"]
[PlyCount "60"]
[EventDate "2008.06.14"]
[EventType "swiss"]
[EventRounds "9"]
[EventCountry "POL"]
[SourceTitle "EXT 2023"]
[Source "ChessBase"]
[SourceDate "2022.10.05"]
[SourceVersion "1"]
[SourceVersionDate "2022.10.05"]
[SourceQuality "1"]

1. e4 c5 2. Nf3 d6 3. d4 cxd4 4. Nxd4 Nf6 5. Nc3 a6 6. Bc4 e6 7. Bb3 b5 8. a3 Be7 9. 0-0 0-0 10. f4 Bb7 11. Qf3 Nbd7 12. Nde2 a5 13. Ng3 Nc5 14. Be3 b4 15. Bxc5 bxc3 16. Bd4 cxb2 17. Bxb2 a4 18. Bc4 Qb6+ 19. Kh1 Qxb2 20. Rab1 Bxe4 21. Nxe4 Qxc2 22. Bd3 Qc7 23. Rb7 Qd8 24. Rc1 d5 25. Nxf6+ Bxf6 26. Rcc7 Rc8 27. Rd7 Rc1+ 28. Bf1 Qa5 29. g3 Qe1 30. Kg2 Rc2+ 0-1

[Event "Rowy op-A 17th"]
[Site "Rowy"]
[Date "2008.06.14"]
[Round "1.23"]
[White "Wolski, Jerzy"]
[Black "Pudlo, Jerzy"]
[Result "1-0"]
[WhiteElo "1961"]
[BlackElo "1686"]
[PlyCount "72"]
[EventDate "2008.06.14"]
[EventType "swiss"]
[EventRounds "9"]
[EventCountry "POL"]
[SourceTitle "EXT 2023"]
[Source "ChessBase"]
[SourceDate "2022.10.05"]
[SourceVersion "1"]
[SourceVersionDate "2022.10.05"]
[SourceQuality "1"]

1. e4 c5 2. Nf3 d6 3. d4 cxd4 4. Nxd4 a6 5. Bc4 Qc7 6. Bb3 Nf6 7. Nc3 e6 8. Be3 b5 9. 0-0 b4 10. Na4 Nbd7 11. f3 Nc5 12. Qd2 Nxb3 13. Nxb3 Rb8 14. Qf2 Nd7 15. c3 bxc3 16. Nxc3 Nc5 17. Nxc5 dxc5 18. Na4 Bd6 19. f4 c4 20. Rad1 0-0 21. e5 Be7 22. Bc5 Bxc5 23. Nxc5 Rb5 24. Ne4 Qb6 25. Rd6 Qxf2+ 26. Rxf2 Bb7 27. Nc3 Ra5 28. Rfd2 h6 29. a3 Re8 30. Rd7 Bc6 31. Rc7 Bd5 32. Kf2 Rd8 33. g3 f6 34. Ke3 h5 35. h3 Rb8 36. g4 g6 1-0

[Event "POL-ch disabled"]
[Site "Chotowa"]
[Date "2007.05.28"]
[Round "3.10"]
[White "Wolski, Jerzy"]
[Black "Czaja, Jacek"]
[Result "1/2-1/2"]
[WhiteElo "1987"]
[BlackElo "1780"]
[PlyCount "99"]
[EventDate "2007.05.26"]
[EventType "swiss"]
[EventRounds "9"]
[EventCountry "POL"]
[SourceTitle "EXT 2023"]
[Source "ChessBase"]
[SourceDate "2022.10.05"]
[SourceVersion "1"]
[SourceVersionDate "2022.10.05"]
[SourceQuality "1"]

1. e4 c5 2. Nf3 e6 3. d4 cxd4 4. Nxd4 a6 5. c4 Qc7 6. Nc3 Nf6 7. Bd3 b6 8. Bg5 Be7 9. Qd2 Bb7 10. Nf3 d6 11. 0-0 Nbd7 12. b4 h6 13. Bf4 Ne5 14. Bxe5 dxe5 15. a3 0-0 16. Qc2 Rac8 17. Rac1 Nd7 18. Rfd1 Rfd8 19. Qe2 Nb8 20. Qe3 Nc6 21. Ne2 Nd4 22. Nexd4 exd4 23. Qe2 a5 24. Qb2 e5 25. bxa5 bxa5 26. Qb5 f6 27. c5 Kh7 28. Rb1 Bc6 29. Qc4 Be8 30. Rdc1 Qxc5 31. Qa6 Qxc1+ 32. Rxc1 Rxc1+ 33. Bf1 Rb8 34. Qxa5 Rbb1 35. Nd2 Bb5 36. h3 Bxf1 37. Nxf1 Rxf1+ 38. Kh2 Rh1+ 39. Kg3 Rb3+ 40. Kg4 Kg6 41. Qc7 h5+ 42. Kh4 Kh6 43. f3 g5+ 44. Kg3 Bf8 45. Qf7 Rb8 46. Qxf6+ Kh7 47. Qf5+ Kg8 48. Qe6+ Kh7 49. Qf5+ Kg8 50. Qe6+ 1/2-1/2

[Event "IPCA Wch-B 8th"]
[Site "Wisla"]
[Date "2007.05.21"]
[Round "7"]
[White "Wolski, Jerzy"]
[Black "Beliaev, Vasily"]
[Result "0-1"]
[WhiteElo "1987"]
[BlackElo "2112"]
[PlyCount "80"]
[EventDate "2007.05.15"]
[EventType "swiss"]
[EventRounds "9"]
[EventCountry "POL"]
[SourceTitle "EXT 2011"]
[Source "ChessBase"]
[SourceDate "2010.11.26"]
[SourceVersion "1"]
[SourceVersionDate "2010.11.26"]
[SourceQuality "1"]

1. e4 c5 2. Nf3 Nc6 3. d4 cxd4 4. Nxd4 Nf6 5. Nc3 e5 6. Ndb5 d6 7. Bg5 a6 8. Na3 b5 9. Bxf6 gxf6 10. Nd5 f5 11. c3 Bg7 12. Bd3 Be6 13. Ne3 f4 14. Nd5 Bxd5 15. exd5 Ne7 16. Qh5 Nxd5 17. Be4 Nf6 18. Bc6+ Kf8 19. Qf3 Rc8 20. 0-0-0 e4 21. Bxe4 b4 22. Nb1 bxc3 23. Nxc3 Nxe4 24. Qxe4 Qa5 25. Qb7 Qf5 26. Rd5 Be5 27. Rhd1 Kg7 28. Qxa6 f3 29. g3 Qg5+ 30. Kc2 Qe7 31. R1d3 Ra8 32. Qc4 Rhc8 33. Qg4+ Kh8 34. h3 Qf6 35. Rxf3 Qe7 36. Rfd3 Rab8 37. f4 Bxc3 38. bxc3 Qb7 39. Rxd6 Qb1+ 40. Kd2 Re8 0-1

[Event "IPCA Wch-B 8th"]
[Site "Wisla"]
[Date "2007.05.17"]
[Round "3"]
[White "Wolski, Jerzy"]
[Black "Kuchyna, Stanislav"]
[Result "1/2-1/2"]
[WhiteElo "1987"]
[BlackElo "1978"]
[PlyCount "28"]
[EventDate "2007.05.15"]
[EventType "swiss"]
[EventRounds "9"]
[EventCountry "POL"]
[SourceTitle "EXT 2011"]
[Source "ChessBase"]
[SourceDate "2010.11.26"]
[SourceVersion "1"]
[SourceVersionDate "2010.11.26"]
[SourceQuality "1"]

1. e4 e6 2. e5 d5 3. exd6 Bxd6 4. d4 Bd7 5. Nf3 c5 6. dxc5 Bxc5 7. Bd3 Nf6 8. 0-0 Qb6 9. Nc3 Bc6 10. Qe2 Nbd7 11. b3 0-0 12. Ne4 Nxe4 13. Bxe4 Bxe4 14. Qxe4 Nf6 1/2-1/2

[Event "Rudnik op 11th"]
[Site "Rudnik"]
[Date "2000.07.08"]
[Round "10"]
[White "Wolski, Jerzy"]
[Black "Krupa, Bartlomiej"]
[Result "1/2-1/2"]
[WhiteElo "2076"]
[BlackElo "2038"]
[PlyCount "21"]
[EventDate "2000.06.28"]
[EventType "tourn"]
[EventRounds "10"]
[EventCountry "POL"]
[SourceTitle "EXT 2005"]
[Source "ChessBase"]
[SourceDate "2004.11.15"]
[SourceVersion "1"]
[SourceVersionDate "2004.11.15"]
[SourceQuality "1"]

1. e4 e6 2. d4 d5 3. e5 c5 4. Nf3 Nc6 5. c3 Qb6 6. Be2 Bd7 7. 0-0 Nge7 8. b3 Nf5 9. Bb2 Be7 10. Bd3 g6 11. g4 1/2-1/2

[Event "Rudnik op 11th"]
[Site "Rudnik"]
[Date "2000.07.07"]
[Round "9"]
[White "Zielinski, Przemyslaw"]
[Black "Wolski, Jerzy"]
[Result "1-0"]
[WhiteElo "2171"]
[BlackElo "2076"]
[PlyCount "89"]
[EventDate "2000.06.28"]
[EventType "tourn"]
[EventRounds "10"]
[EventCountry "POL"]
[SourceTitle "EXT 2005"]
[Source "ChessBase"]
[SourceDate "2004.11.15"]
[SourceVersion "1"]
[SourceVersionDate "2004.11.15"]
[SourceQuality "1"]

1. e4 e6 2. d4 d5 3. Nd2 Nc6 4. c3 e5 5. exd5 Qxd5 6. Ngf3 exd4 7. Bc4 Qh5 8. cxd4 Nf6 9. 0-0 Be7 10. Ne5 Qxd1 11. Rxd1 0-0 12. Nxc6 bxc6 13. Nf3 Bd6 14. Bg5 Ne4 15. Be3 Bg4 16. Rdc1 Nf6 17. Bb3 Nd5 18. Rxc6 Nxe3 19. fxe3 Rfe8 20. Kf2 Bd7 21. Rc2 Bf5 22. Re2 Rac8 23. Ba4 Re7 24. Bc6 Be4 25. Rc1 Bxc6 26. Rxc6 Rce8 27. g3 f5 28. Nd2 f4 29. e4 fxg3+ 30. hxg3 Rf8+ 31. Kg2 Rf6 32. Nc4 Rfe6 33. e5 Bb4 34. Rxe6 Rxe6 35. d5 Re8 36. Kf3 Kf7 37. Ke4 Ke7 38. a3 Bc5 39. b4 Bb6 40. Nxb6 axb6 41. Rc2 Kd8 42. Rf2 b5 43. e6 c6 44. Ke5 cxd5 45. Kxd5 1-0

[Event "Rudnik op 11th"]
[Site "Rudnik"]
[Date "2000.06.29"]
[Round "2"]
[White "Wolski, Jerzy"]
[Black "Jakubowski, Tomasz"]
[Result "0-1"]
[WhiteElo "2076"]
[BlackElo "2311"]
[PlyCount "59"]
[EventDate "2000.06.28"]
[EventType "tourn"]
[EventRounds "10"]
[EventCountry "POL"]
[SourceTitle "EXT 2005"]
[Source "ChessBase"]
[SourceDate "2004.11.15"]
[SourceVersion "1"]
[SourceVersionDate "2004.11.15"]
[SourceQuality "1"]

1. e4 c5 2. Nf3 d6 3. d4 cxd4 4. Nxd4 Nf6 5. Nc3 a6 6. Bc4 e6 7. Bb3 Nbd7 8. 0-0 Nc5 9. f4 Be7 10. e5 dxe5 11. fxe5 Nfd7 12. Qh5 g6 13. Qe2 Qc7 14. Bh6 Bf8 15. Bxf8 Rxf8 16. Nf3 b6 17. Bc4 Bb7 18. b4 Rc8 19. Nd2 Nxe5 20. Rad1 Ncd7 21. Nce4 Bxe4 22. Nxe4 Nxc4 23. Rxd7 Kxd7 24. Nf6+ Kd8 25. Rd1+ Nd6 26. Ne4 Ke7 27. Nxd6 Rcd8 28. Ne4 Rxd1+ 29. Qxd1 Qd7 30. Qf3 0-1

[Event "Polanica Zdroj op-B"]
[Site "Polanica Zdroj"]
[Date "2000.??.??"]
[Round "7"]
[White "Wolski, Jerzy"]
[Black "Kapral, Krzysztof"]
[Result "1-0"]
[WhiteElo "2076"]
[BlackElo "2175"]
[PlyCount "51"]
[EventDate "2000.08.??"]
[EventType "swiss"]
[EventRounds "10"]
[EventCountry "POL"]
[SourceTitle "EXT 2001"]
[Source "ChessBase"]
[SourceDate "2000.11.22"]
[SourceVersion "1"]
[SourceVersionDate "2000.11.22"]
[SourceQuality "1"]

1. e4 c5 2. f4 Nc6 3. Nf3 e6 4. Nc3 Nge7 5. d4 cxd4 6. Nxd4 Nxd4 7. Qxd4 Nc6 8. Qf2 Bb4 9. Bd2 a6 10. Bd3 b5 11. 0-0 Bb7 12. f5 Qe7 13. a4 Bc5 14. Be3 Bxe3 15. Qxe3 b4 16. Ne2 Ne5 17. Qb6 Bc8 18. fxe6 fxe6 19. Qa5 Qg5 20. Qxb4 Qe3+ 21. Kh1 Nxd3 22. cxd3 Qxe2 23. Rf3 a5 24. Qc5 Kd8 25. Raf1 Re8 26. Qb6+ 1-0